Statistics for Largest Airlines in the USA

Click here to take the quiz!

General Stats

  • This quiz has been taken 113 times
  • The average score is 10 of 18

Answer Stats

Main Airline% Correct
Delta Air Lines
98%
American Airlines
96%
United Airlines
95%
Southwest Airlines
89%
Alaska Airlines
85%
FedEx Express
75%
Spirit Airlines
75%
Frontier Airlines
74%
JetBlue
74%
UPS Airlines
71%
Allegiant Air
54%
Hawaiian Airlines
49%
SkyWest Airlines
29%
Virgin America
15%
Atlas Air
11%
Envoy Air
4%
Polar Air Cargo
4%
ExpressJet
2%

Score Distribution

Percentile by Number Answered

Percent of People with Each Score

Your Score History

You have not taken this quiz